Al Ahkam : undang-undang harta dalam Islam

Bibliographic Details
Main Author: Ahmad Ibrahim 1916-
Format: Book
Published: Kuala Lumpur : DBP , 1991
Subjects:

MARC

LEADER 00000cam a2200000 7i4500
001 0000005252
002 000005674
005 20081106.0
020 |a 9836216405 
090 0 0 |a 340.59   |b ALA 
100 0 |a Ahmad Ibrahim   |f Tan Sri Datuk ,   |d 1916- 
245 0 0 |a Al Ahkam :   |b undang-undang harta dalam Islam   |c disusun oleh Prof.Ahmad Ibrahim 
255 |a Jilid 3 
260 |a Kuala Lumpur :   |b DBP ,   |c 1991 
300 |a 165p. ;   |c 22cm. 
650 0 0 |a Islamic law 
700 0 |a Ahmad Ibrahim   |f Tan Sri Datuk ,   |d 1916- 
999 |a 027805   |b BUKU   |c PINJAMAN   |e PERPUSTAKAAN KOMUNITI PETALING JAYA